000 00751nam a2200289 a 4500
003 AR-BaBNM
005 20251128203727.0
008 082120s2002 ||||||||||||||000 | spa||
040 _cAR-BaBNM
100 1 _aRolland, Romain
245 0 0 _aJuan Cristóbal
_blas amigas. 8
260 _aBuenos Aires
_bLibrería Hachette
_c1942
300 _a226 p.
490 0 _aEdiciones literarias
650 4 _aLITERATURA FRANCESA
650 4 _aESCRITORES
650 4 _aFILOSOFIA LITERARIA
650 4 _aNOVELAS
650 4 _aLITERATURA CONTEMPORANEA
650 4 _aVALORES MORALES
650 4 _aMUSICA
650 4 _aCULTURAS ARTISTICAS
655 _aLITERATURA
700 1 _aToro y Gómez, Miguel de
_etraductor
942 _cBK
998 _cMARTIN
999 _c4671
_d4671